00773nam a22002297a 450000500170000001000130001702000220003003500130005203700160006504000120008108200110009310000250010424500480012926000420017727000450021930000210026465000340028565000270031994200200034699900190036695201580038520170124110112.0 aA-794439 c00.00a0025160052 aA-794439 bCen Lib/Ret aDPLbEN aSbADV aAdvani, Rukun929579 aBeethoven among the cows /cby Rukun Advani bRavi Dayal Publisherc1994aNew Delhi a51 E Sujan Singh ParkbNew Delhie110003 a240p. c20cm(Hb) aIndic fiction (English)96137 aEnglish Fiction929580 2ddccENhSmADV c130505d130505 04104070aLbLd2015-07-09eCen Lib/Retg0.00l0oS ADVpA-794439r2015-07-09 00:00:00t1v0.00w2015-07-09yENzW/d List No. 6862/21 ; dtd 06/08/2020